| 000 | 00522 a2200169 4500 | ||
|---|---|---|---|
| 999 |
_c4270 _d4270 |
||
| 020 | _a8120305167 | ||
| 050 | _aQA 76.76 BAC 2004 | ||
| 100 |
_aBach, Maurice J. _eauthor |
||
| 245 |
_aThe design of the unix operating systems _cMaurice J. Bach |
||
| 264 |
_aNew Delhi : _bPrentice Hall _c2004 |
||
| 300 |
_axiv, 471p. : _bill. |
||
| 500 | _aIncludes bibliographic references and index | ||
| 650 | _aUNIX (Computer file) | ||
| 650 | _a UNIX (Computer operating system) | ||
| 650 | _aUnix | ||
| 942 |
_2lcc _cBK _h76.76 _iBAC _kQA |
||